000 011470000a22002290004500
020 _a978-84-301-0942-5
082 0 4 _aG 261.8325 G9844b
100 1 _aGutiérrez, Gustavo
245 1 0 _aBeber en su propio pozo : en el itinerario espiritual de un pueblo / Gustavo Gutiérrez
250 _aOctava edición
260 _aSalamanca, España : Sígueme
300 _a189 páginas
440 0 _aColección Nueva Alianza ; número 205
501 _aRústico
505 0 0 _a¿Cómo cantar a Dios en tierra extraña? -- En tierra extraña -- El canto de los pobres -- Por aquí ya no hay camino -- Encuentro con el Señor -- Caminar según el Espíritu -- Un pueblo en busca de Dios -- Libres para amar -- Conversión: exigencia de solidaridad -- Gratitud: clima de la eficacia -- Alegría: victoria sobre el sufrimiento -- Infancia espiritual: condición del compromiso con los pobres -- Comunidad: desde la soledad
650 1 4 _aEspiritualidad \ Comunidad - Pobres \ Conversión \ Evangelio
001 18582
942 _cBK
999 _c45000
_d45000
336 _atexto
_btxt
_2rdacontent
337 _2rdamedia
_asin mediación
_bn
338 _2rdacarrier
_avolumen
_bnc